000 00290nam a22001337a 4500
008 181023b xxu||||| |||| 00| 0 eng d
020 _a9780495792802
041 _aeng
080 _a371
100 _a46
101 _aEDU
245 _aExcelling in College
_cKottler,J
942 _2udc
_cBK
999 _c50576
_d50576